000
00243nam a2200097Ia 4500
008
230605s9999 xx 000 0 und d
041
_a
eng
100
_a
Pizam
245
_a
Inter national encyclopedia of hospitality management
650
_a
Hos.
999
_c
417183
_d
417183